| 000 | 00922nam a2200265Ia 4500 | ||
|---|---|---|---|
| 003 | OSt | ||
| 005 | 20221005103004.0 | ||
| 006 | a|||||r|||| 00| 0 | ||
| 007 | ta | ||
| 008 | 221004b |||||||| |||| 00| 0 hin d | ||
| 024 | _a107878 | ||
| 037 | _cTextual | ||
| 040 |
_aCRL _cCRL _bhin |
||
| 041 |
_2hin _ahin |
||
| 082 | _aO152,1.N2:g, H5 | ||
| 100 | _aपाण्डेय, गंगाप्रसाद | ||
| 245 | 0 | _aछायावाद और रहस्यवाद | |
| 246 | _aChhāyāvād aur rahasyavāda | ||
| 250 | _aद्वितीय संस्करण | ||
| 260 |
_aइलाहाबाद _bरामनारायण लाल भारत _c1955 |
||
| 300 |
_a121पृ0 _ccm. |
||
| 650 | _aहिन्दी साहित्य | ||
| 942 |
_hO152,1.N2:g, H5 _cTEXL _2cc |
||
| 999 |
_c1009239 _d1009239 |
||